| 000 | 004070000a22001570004500 | ||
|---|---|---|---|
| 020 | _a84-8280-180-5 | ||
| 041 | 0 | _aSPA | |
| 082 | 0 | 4 | _aG 842.42 M721a |
| 100 | 1 | _aMoliere | |
| 245 | 1 | 0 | _aEl ávaro. Don Juan / Moliere ; Julio Gómez de la Serna, Traductor |
| 260 | _aBogotá : Oveja Negra | ||
| 300 | _a149 Pag | ||
| 440 | 0 | _aColección Historia Universal de la Literatura | |
| 001 | 13166 | ||
| 942 | _cBK | ||
| 999 |
_c42155 _d42155 |
||